00762 2200253 4500001002100000005001700021008004100038020001800079035002400097082001300121090002100134100001800155245013500173250001000308260004100318300002800359500002900387650003200416850000900448985000600457999001500463999001500478999001500493YOGYA-0209000007299920090227093656.0 ind  a979-1238-63-2 0010-020900000072999 a330.9598 a330.99598bRaf C aRAFICK, Ishak aCatatan hitam lima presiden Indonesiabsebuah investigasi 1997-2007,mafia ekonomi,dan jalan baru membangun IndonesiacIshak Rafick aCet.1 aJakartabUfuk Publishing Housec2008 axx,422 hlmbilusc24 cm aBibliografi: hlm 418-422 aIndonesia - Keadaan ekonomi aBPAD a3 a08P0000677 a08P0000678 a08P0000679